| 000 | 01369nam0a22003011 4500 | ||
|---|---|---|---|
| 001 | rc\4168743 | ||
| 005 | 20130415190605.5 | ||
| 021 |
_aRU _b[46-5399] |
||
| 035 | _a(NLR Aleph) 008181654 | ||
| 090 |
_a7919391 _c7919391 |
||
| 100 | _a20130415d1946 |||y0rusy50 ca | ||
| 101 | 0 | _arus | |
| 102 | _aRU | ||
| 105 | _ay z ||||| | ||
| 200 | 1 |
_aВоенно-боевая работа большевиков Урала в период первой русской революции _f[Свердл. ин-т истории ВКП(б). Филиал Ин-та Маркса-Энгельса-Ленина при ЦК ВКП(б)] |
|
| 210 |
_a[Свердловск] _cСвердлгиз _d1946 _g5-я тип. треста "Полиграфкнига" |
||
| 215 |
_a60 с. _d20 |
||
| 300 | _aПеред загл. автор: Г. Рычкова, канд. ист. наук | ||
| 320 | _aБиблиогр.: Список использ. источников и лит.: с. 58-59 | ||
| 601 | 0 | 2 |
_aВКП(б) _xВоенно-боевая работа _2psbo |
| 606 |
_aРеволюция 1905 _yУрал _2psbo |
||
| 606 |
_aБоевые рабочие дружины на Урале _2psbo |
||
| 700 | 1 |
_aРычкова _bГ. П. _gГалина Петровна |
|
| 801 | 0 |
_aRU _bNLR _gpsbo |
|
| 801 | 1 |
_aRU _bELAR _2rusmarc |
|
| 852 |
_aNLR _jИп50 Г-4/35 |
||
| 942 | _cBOOK | ||
| 980 | _aNB | ||